000 02356cam a2200289 4500500
005 20251228100116.0
041 _afre
042 _adc
100 1 0 _aMoisset, Jean-Pierre
_eauthor
245 0 0 _aVincent Auriol et René Coty, présidents de la République française et chanoines d’honneur du Latran
260 _c2025.
500 _a40
520 _aIn 1957, the use of the title of honorary canon of Saint John Lateran which is available to the French presidents was subject to a striking innovation. For the first time, a president of the Republic, René Coty, traveled to Rome to be received by the Pope and participate as an honorary canon in a solemn ceremony in the Archbasilica of Saint John Lateran. While still relatively ignored, this political gesture gave birth to a new tradition – now, most presidents of the Fifth Republic will make a visit to Rome similar to Coty’s. This article aims to understand the conditions that allowed this decision to occur, to describe the modalities of an unprecedented ceremony, and to analyze how it was perceived.
520 _aEn 1957, l’usage du titre de chanoine d’honneur de Saint-Jean-de-Latran dont jouissent les présidents de la République française enregistre une innovation marquante. Pour la première fois, un président, René Coty, se rend dans la Rome pontificale pour y être reçu par le pape et pour participer en tant que chanoine d’honneur à une cérémonie solennelle dans la basilique du Latran. On l’ignore encore, mais ce geste politique donne naissance à une nouvelle tradition puisque la plupart des présidents de la Cinquième République accompliront à Rome une visite comparable à celle de Coty. Cet article vise à comprendre les conditions ayant permis cette décision, à décrire les modalités d’une cérémonie inédite ainsi qu’à analyser l’accueil qu’elle reçut.
690 _achanoine
690 _alaïcité
690 _aLatran
690 _aRené Coty
690 _aVincent Auriol
690 _acanon
690 _aLateran
690 _aRené Coty
690 _asecularism
690 _aVincent Auriol
786 0 _n20 & 21. Revue d'histoire | 167 | 3 | 2025-12-09 | p. 147-161 | 2649-664X
856 4 1 _uhttps://shs.cairn.info/revue-20-21-revue-dhistoire-2025-3-page-147?lang=fr&redirect-ssocas=7080
999 _c1606082
_d1606082